00699nam a22002177a 450000500170000001000150001702000260003203500140005803700150007203700130008708200190010010000190011924501280013826000340026627000560030030000250035649000230038150000500040465000060045470000210046020170130171740.0 aENG-117064 a9789382381785c850.00 aEN-100596 bViva Books bDBAD/PUB a307.1412095414 aOkabe,Jun-Ichi aA new statistical domain in India :cby Jun-Ichi Okabe [and] Aprajita Bakshiban enquiry into village Panchayat databases : aNew DelhibTulika Booksc2016 a35 A/1(ground Floor),Shahpur JatbNew Delhie110049 axiii,382p.c24cm(Hb) aAgrarian studies-4 aIncludes bibliographical references and index a  dBakshi,Aprajita